Ricostruisci la Carriera del Calciatore - Roque Santa Cruz - Statistics

Statistiche generali
  • Questo quiz è stato fatto 4 volte
  • Il punteggio medio è 2 su 11
Statistiche sulle risposte
Hint Risposta % Corretto
2016-2021 Olimpia
67%
2011 Blackburn
33%
2022- Libertad
33%
2015-2016 Malaga
33%
1999-2007 Bayern Monaco
0%
2011-2012 Betis
0%
2007-2009 Blackburn
0%
2015 Cruz Azul
0%
2012-2015 Malaga
0%
2009-2011 Manchester City
0%
1997-1999 Olimpia
0%
Nessun quiz corrispondente trovato
Distribuzione punteggi
Percentuale di utenti per punteggio
Percentile per numero di risposta
I tuoi punteggi nel tempo
Non hai fatto questo quiz